Star Trek: Picard Crew - Statistics

General Stats
  • This quiz has been taken 37 times
  • The average score is 10 of 19
Answer Stats
Position/Role Character % Correct
Titular Character, Retired Starfleet Admiral Jean-Luc Picard
100%
Deceased Android Data
91%
Female Former Borg Seven of Nine
88%
Daughter of Former First Officer and Former Ship's Counselor Kestra Troi-Riker
84%
Deceased Son of Former First Officer and Former Ship's Counselor Thaddeus Troi-Riker
84%
Former First Officer, U.S.S. Enterprise, Acting Captain, U.S.S. Zheng He William T. Riker
81%
Former Ship's Counselor, U.S.S. Enterprise, Wife of Above Deanna Troi
78%
Male Former Borg Hugh
56%
Former Starfleet Officer and Aide to Titular Character Raffaela "Raffi" Musiker
56%
Captain, La Sirena Cristóbal "Chris" Rios
44%
Cyberneticist, Creator of Female Androids Altan Inigo Soong
41%
Romulan Qalankhkai (Free Blade) Elnor
38%
Female Android, Worked on Borg Reclamation Project Soji Asha
38%
Daystrom Institute Cyberneticist Agnes Jurati
34%
Female Android, Twin of Above Dahj Asha
31%
Romulan Starfleet Infiltrator Commodore Oh
19%
Starfleet Admiral Kirsten Clancy
13%
Romulan Spy Narek
13%
Female Romulan Spy, Tal Shiar Colonel Narissa
13%
No matching quizzes found
Score Distribution
Percent of People with Each Score
Percentile by Number Answered
Your Score History
You have not taken this quiz